000 00752nam a22002412 4500
001 0000019043
005 20151217152144.0
008 100902s xx 000 0 eng d
020 _a0136037763 :
040 _aKABU
_cKABU
100 1 _aThompson, Leigh L.
_@0000178605
245 1 0 _aMaking the team :
_ba guide for managers /
_cLeigh L. Thompson.
250 _a3rd ed.
260 _aUpper Saddle River, NJ. :
_bPearson,
_c2008.
300 _axx, 476 p.
650 0 _aTeams in the workplace.
_@0000054895
650 0 _aPerformance.
_@0000083888
650 0 _aLeadership.
_@0000150687
650 0 _aOrganizational effectiveness.
_@0000150612
852 1 _9p2360 KES
908 _a100902
950 _@1
999 _c8784
_d8784